00246nam a2200109Ia 4500008004100000041001200041082001100053100001800064245004100082260000600123650000700129221030s9999 xx 000 0 und d aEnglish a105.23 aD. I. Hawkins 0aConsumer Behaviourcby D. I. Hawkins c0 aMb